LEADER 00567nam a2200169 i 4500 001 000000238853 003 CaOOAMICUS 005 20150216000000.0 008 150216s1835 it u000 u ita u 013 $a217758 040 $aSeMil$bita 245 10$aTomo 7. 300 $a422 p. 773 0 $aSarpi, Paolo <1552-1623>$tIstoria del Concilio Tridentino.$dMendrisio : Per Angelo Borella e C., 1835.$g7$w()12005 850 $aSeMil 852 $aSeMil$W1$xVenegono$y1$m3D I 120 FA$j189199$B189199$CSeMilBibl$Z2$F199951 $8I 996 $6245$aTomo 7$9(OLS)http://semarc/title/194411 LEADER 00930nam a2200241 i 4500 001 000000055768 003 CaOOAMICUS 005 20071212000000.0 008 071212s1982 it u000 u ita u 013 $a26940 040 $aSeMil$bita 100 1 $aLenz, Hermann <1913->.$0(OLS)http://semarc/name/26372 240 10$aDame und Scharfrichter.$0(OLS)http://semarc/title/86569 245 13$aLa dama e il boia /$cHermann Lenz. 260 $aMilano :$bSerra e Riva,$ccopyr. 1982. 300 $a118 p. ;$c21 cm. 490 0 $aBiblioteca del Minotauro ;$v34 830 0$aBiblioteca del Minotauro ;$v34.$0(OLS)http://semarc/title/19909 850 $aSeMil 852 $aSeMil$W1$xVenegono$y1$m1O II 173$j21922$B21922$CSeMilBibl$Z2$F21924 $81 961 $aAcquisto: Agenzia internazionale 996 $6245$aLa dama e il boia$9(OLS)http://semarc/title/86568 996 $6260$aMilano :$bSerra e Riva$9(OLS)http://semarc/publisher/34060